000 00228nam a22000857a 4500
008 160708b xxu||||| |||| 00| 0 eng d
100 _92419
_a Nashsoft Systems
245 _aNashpack for Dos & Windows
260 _aBan
_b Nashsoft System
999 _c2094
_d2094